Biology of bruchidae : (Record no. 80987)

MARC details
000 -LEADER
fixed length control field 00682nam a22002057a 4500
005 - DATE AND TIME OF LATEST TRANSACTION
control field 20140303171638.0
010 ## - LCCN (DPL NO)
LC control number ENG-108709
020 ## - INTERNATIONAL STANDARD BOOK NUMBER
Terms of availability 500.00
International Standard Book Number 9788171641147
035 ## - SYSTEM CONTROL NUMBER
System control number EN-92242
037 ## - SOURCE OF ACQUISITION
Source of stock number/acquisition DBAD/PUB
082 ## - DEWEY DECIMAL CLASSIFICATION NUMBER
Classification number 595.76
100 ## - MAIN ENTRY--PERSONAL NAME
Personal name Pajni, H. R.
245 ## - TITLE STATEMENT
Title Biology of bruchidae :
Statement of responsibility, etc by H. R. Panji [and] I.J. Gupta
Remainder of title structure, development and control /
260 ## - PUBLICATION, DISTRIBUTION, ETC. (IMPRINT)
Place of publication, distribution, etc New Delhi
Name of publisher, distributor, etc Indian Council of Agricultural Research
Date of publication, distribution, etc 2012
270 ## - ADDRESS
Address Krishi Anusandhan Bhavan-l
City New Delhi
Postal code 110012
300 ## - PHYSICAL DESCRIPTION
Extent iv,221p.
Dimensions 24cm(pbk)
500 ## - GENERAL NOTE
General note Includes bibliographical references and Index
700 ## - ADDED ENTRY--PERSONAL NAME
Personal name Gupta, I. J.
942 ## - ADDED ENTRY ELEMENTS (KOHA)
Source of classification or shelving scheme Dewey Decimal Classification
Item type English Books
Call number suffix PAJ
Classification part 595.76
Holdings
Withdrawn status Lost status Not for loan Collection code Home library Current library Date acquired Source of acquisition Cost, normal purchase price Full call number Barcode Copy number Cost, replacement price Koha item type
    Not For Loan Non-fiction D.B.Act.Division D.B.Act.Division 03/12/2013 DBAD/PUB 500.00 595.76 PAJ EN-92242 1 500.00 English Books

© Delhi Public Library
Hit Counter
free hit counter